000 00293 a2200133 4500
001 17717
020 _a9781409301783
040 _cAnchieta - Bela Vista
240 1 0 _aBig and little
_leng
245 1 0 _aBig and little
300 _a27
650 4 _aLiteratura infantil em inglês
942 _cBK
999 _c17717
_d17717